[Event "Ayr op"]
[Site "Ayr"]
[Date "2023.05.19"]
[Round "1"]
[White "Beeby, Richard"]
[Black "McGregor, Douglas"]
[Result "0-1"]
[WhiteElo "1630"]
[BlackElo "1902"]
[PlyCount "38"]
[EventDate "2023.05.19"]
[EventType "swiss"]
[EventRounds "5"]
[EventCountry "SCO"]
[SourceTitle "EXT 2024"]
[Source "ChessBase"]
[SourceDate "2023.10.10"]
[SourceVersion "1"]
[SourceVersionDate "2023.10.10"]
[SourceQuality "1"]

1. d4 Nf6 2. c4 e6 3. Nf3 c5 4. d5 b5 5. dxe6 fxe6 6. Bg5 Bb7 7. e3 b4 8. a3 a5 9. Nbd2 Be7 10. Ne5 0-0 11. Ndf3 d6 12. Nd3 Ne4 13. Bxe7 Qxe7 14. Nf4 g5 15. Nd3 Nd7 16. Nd2 d5 17. f3 Nxd2 18. Qxd2 dxc4 19. Nf2 Ne5 0-1